000 00566nam a2200241Ia 4500
003 OSt
005 20220912152010.0
006 a|||||r|||| 00| 0
007 ta
008 220909b |||||||| |||| 00| 0 eng d
024 _a62341
037 _cTextual
040 _aCSL
_beng
_cCSL
041 _aeng
082 _aL91;7, G2
100 _aBlackfan K D
245 0 _aGrowth and development of the child
260 _c1932
300 _ap.
_ccm.
650 _aMedicine
942 _hL91;7, G2
_cTEXL
_2CC
999 _c78901
_d78901